000 00623nam a22001937a 4500
999 _c17162
_d17162
003 AR-CdUCM
008 190507b ||||| |||| 00| 0 spa d
040 _aMUNICIPALIDAD PROVINCIAL DEL CUSCO
_cBIBLIOTECA MUNICIPAL DEL CUSCO
082 _a869.307 /
_bC59
245 _aRelatos humorĂ­sticos chilenos /
260 _aSantiago de Chile
_bZig Zag,
_c1957.
300 _a160 paginas ;
_c18 cm.
505 _aContenido :Humorismo chileno del siglo XIX y XX /
650 _aHumorismo chileno
_937022
650 _aColecciones
_9607
650 _aCuento chileno
_937023
942 _2ddc
_cLIBROS
945 _arjall
_d2019-05-07